[Event "Bayern-chI Bank Hofmann 14th"]
[Site "Bad Wiessee"]
[Date "2010.10.31"]
[Round "3"]
[White "Petrov, Marian"]
[Black "Duhayon, Yves"]
[Result "1/2-1/2"]
[WhiteElo "2550"]
[BlackElo "2220"]
[PlyCount "104"]
[EventDate "2010.10.30"]
[EventType "swiss"]
[EventRounds "9"]
[EventCountry "GER"]
[SourceTitle "EXT 2011"]
[Source "ChessBase"]
[SourceDate "2010.11.26"]
[SourceVersion "1"]
[SourceVersionDate "2010.11.26"]
[SourceQuality "1"]

1. e4 e5 2. Nf3 Nc6 3. Bb5 g6 4. c3 Nge7 5. 0-0 Bg7 6. d4 exd4 7. cxd4 d5 8. exd5 Nxd5 9. Re1+ Be6 10. Nc3 0-0 11. h3 Nce7 12. Bg5 c6 13. Nxd5 cxd5 14. Qd2 Qd6 15. Rac1 Rac8 16. Qa5 a6 17. Bd3 Rxc1 18. Rxc1 Rc8 19. Rc5 Rxc5 20. dxc5 Qd7 21. Bxe7 Qxe7 22. Qb6 d4 23. c6 bxc6 24. Qxc6 Qb4 25. b3 a5 26. Bc4 Bxc4 27. Qc8+ Bf8 28. Qxc4 Qa3 29. Ne5 Qe7 30. Qxd4 Bg7 31. f4 Bxe5 32. fxe5 Qa3 33. Qd8+ Kg7 34. Qf6+ Kg8 35. Qf2 a4 36. bxa4 Qxa4 37. Qb2 h5 38. a3 h4 39. Qb4 Qa7+ 40. Kf1 Qe3 41. a4 g5 42. a5 Qxe5 43. Qa3 Qb5+ 44. Kf2 Qf5+ 45. Ke2 Qe4+ 46. Kf1 Qb1+ 47. Ke2 Qc2+ 48. Ke1 Qxg2 49. a6 Qg1+ 50. Ke2 Qg2+ 51. Kd1 Qf1+ 52. Kc2 Qg2+ 1/2-1/2

[Event "Brasschaat op 10th"]
[Site "Brasschaat"]
[Date "2010.08.17"]
[Round "4"]
[White "Dardha, Arben"]
[Black "Duhayon, Yves"]
[Result "1-0"]
[WhiteElo "2290"]
[BlackElo "2211"]
[PlyCount "33"]
[EventDate "2010.08.14"]
[EventType "swiss"]
[EventRounds "9"]
[EventCountry "BEL"]
[SourceTitle "CBM 138 Extra"]
[Source "ChessBase"]
[SourceDate "2010.10.29"]
[SourceVersion "1"]
[SourceVersionDate "2010.10.29"]
[SourceQuality "1"]

1. c4 e6 2. e4 d5 3. exd5 exd5 4. d4 Bb4+ 5. Nc3 Ne7 6. Bd3 dxc4 7. Bxc4 0-0 8. Nge2 Nd7 9. a3 Bd6 10. Ne4 Nb6 11. Bd3 Bf5 12. 0-0 Nbd5 13. Bg5 c6 14. Re1 Re8 15. N2c3 Qc7 16. Nxd6 Qxd6 17. Nxd5 1-0

[Event "Charleroi op"]
[Site "Charleroi"]
[Date "2010.08.05"]
[Round "7"]
[White "Cornil, Etienne"]
[Black "Duhayon, Yves"]
[Result "1/2-1/2"]
[WhiteElo "1994"]
[BlackElo "2211"]
[PlyCount "80"]
[EventDate "2010.07.31"]
[EventType "swiss"]
[EventRounds "9"]
[EventCountry "BEL"]
[SourceTitle "CBM 137 Extra"]
[Source "ChessBase"]
[SourceDate "2010.09.01"]
[SourceVersion "1"]
[SourceVersionDate "2010.09.01"]
[SourceQuality "1"]

1. d4 Nf6 2. c4 e6 3. Nc3 d5 4. cxd5 exd5 5. Bg5 c6 6. e3 Be7 7. Bd3 Nbd7 8. Qc2 Nf8 9. Nge2 Ne6 10. Bh4 g6 11. 0-0 0-0 12. Rab1 Ng7 13. b4 a6 14. a4 Bf5 15. b5 a5 16. Rfd1 Bxd3 17. Qxd3 Nf5 18. Bg5 Re8 19. h3 h6 20. Bf4 h5 21. Kf1 h4 22. Ng1 Nh5 23. Nf3 Nxf4 24. exf4 f6 25. Ne2 Bb4 26. g4 hxg3 27. Nxg3 Nxg3+ 28. fxg3 Re4 29. Nd2 Bxd2 30. Rxd2 Qd7 31. Kg2 Rae8 32. bxc6 bxc6 33. Rdb2 Qf5 34. Rb8 Rxb8 35. Rxb8+ Kg7 36. Qa6 Re7 37. Rb7 Qe4+ 38. Kh2 g5 39. fxg5 fxg5 40. Qxc6 Qe2+ 1/2-1/2

[Event "Avoine op 25th"]
[Site "Avoine"]
[Date "2010.07.21"]
[Round "5"]
[White "Duhayon, Yves"]
[Black "Le Goff, Ronan"]
[Result "1-0"]
[WhiteElo "2211"]
[BlackElo "1961"]
[PlyCount "97"]
[EventDate "2010.07.17"]
[EventType "swiss"]
[EventRounds "9"]
[EventCountry "FRA"]
[SourceTitle "EXT 2011"]
[Source "ChessBase"]
[SourceDate "2010.11.26"]
[SourceVersion "1"]
[SourceVersionDate "2010.11.26"]
[SourceQuality "1"]

1. d4 d5 2. c4 e6 3. Nf3 Nf6 4. Bg5 Be7 5. Nc3 Nbd7 6. e3 0-0 7. Rc1 a6 8. cxd5 exd5 9. Bd3 Re8 10. 0-0 Nf8 11. Qc2 c6 12. h3 h6 13. Bf4 Bd6 14. Bxd6 Qxd6 15. a3 N8d7 16. Rfe1 b5 17. e4 dxe4 18. Nxe4 Nxe4 19. Bxe4 Bb7 20. Red1 Rac8 21. Bh7+ Kh8 22. Bf5 Rcd8 23. Bxd7 Rxd7 24. Ne5 Rde7 25. Qc5 Qc7 26. b4 Kg8 27. Qc3 Re6 28. Re1 Qe7 29. Re3 Qh4 30. Rce1 Rd8 31. Nf3 Rxe3 32. Qxe3 Qf6 33. Qe7 Qxe7 34. Rxe7 Rb8 35. Ne5 f6 36. Nd3 Ba8 37. Nc5 Rd8 38. Ra7 Kh7 39. Kf1 h5 40. Ke2 Kh6 41. Kd3 g5 42. g4 Kg6 43. Rxa6 f5 44. f3 fxg4 45. fxg4 Rf8 46. a4 bxa4 47. Rxa4 Rd8 48. Ra7 Re8 49. Nd7 1-0

[Event "Avoine op 25th"]
[Site "Avoine"]
[Date "2010.07.17"]
[Round "1"]
[White "Duhayon, Yves"]
[Black "Gendre, Pascal"]
[Result "1-0"]
[WhiteElo "2211"]
[BlackElo "1961"]
[PlyCount "41"]
[EventDate "2010.07.17"]
[EventType "swiss"]
[EventRounds "9"]
[EventCountry "FRA"]
[SourceTitle "EXT 2011"]
[Source "ChessBase"]
[SourceDate "2010.11.26"]
[SourceVersion "1"]
[SourceVersionDate "2010.11.26"]
[SourceQuality "1"]

1. d4 d5 2. Nf3 Nf6 3. c4 e6 4. Bg5 Be7 5. e3 Nbd7 6. Nc3 0-0 7. Rc1 c6 8. Bd3 dxc4 9. Bxc4 Nd5 10. Bxe7 Qxe7 11. 0-0 Nxc3 12. Rxc3 c5 13. Bd3 cxd4 14. exd4 Nf6 15. Ne5 Nd5 16. Bxh7+ Kh8 17. f4 g5 18. Qh5 gxf4 19. Be4+ Kg7 20. Rg3+ fxg3 21. Qh7# 1-0